| 000 | 00739nam a2200229 a 4500 | ||
|---|---|---|---|
| 003 | DO-SdBNP | ||
| 005 | 20240314191552.0 | ||
| 007 | ta | ||
| 008 | 220525e2006 dr ao||frgl|| 001 0dspa d | ||
| 040 |
_aDO-SdBNP _bspa _cBNPHU |
||
| 082 | 4 |
_222 _bR2631p |
|
| 100 | 1 |
_aMilton Ray Guevara _d1948- _978143 |
|
| 245 | 1 | 0 |
_aPor un Samaná mejor: _bpara un país mejor / _cMilton Ray Guevara |
| 260 |
_aSanto Domingo : _bEditora taina, _c2006 |
||
| 300 |
_a296 p. : _bil.; _c22 c. |
||
| 500 | _aIncluye datos biográficos del autor en las p. 294- 296. | ||
| 500 | _aGestión senatorial 1998- 2000. | ||
| 590 | _aInventariado 2022 / MF | ||
| 650 | 4 |
_945152 _aSamaná (República Dominicana) _xLegialación |
|
| 910 | _aMFeliz | ||
| 942 |
_2ddc _cLBS1 |
||
| 999 |
_c51805 _d51805 |
||